Geography Quiz

Random Geography or Flags Quiz

A Fusion of Flag Elements Quiz Stats

 Plays Quiz Updated Jun 14, 2019

Score 0/15 Timer 05:00
10 Plays Today
Question Answer Wrong Answers
Bangladesh
82.1%
Brazil
3%
India
7.2%
South Korea
2.8%
Kazakhstan
71.5%
Ukraine
6%
Kosovo
7%
Bahamas
10.6%
Kiribati
68%
Lebanon
4.7%
Venezuela
12.6%
Vatican
9.5%
Moldova
67%
Azerbaijan
13%
Armenia
7.8%
Bulgaria
6.9%
Norway
66.8%
Iceland
9.7%
Georgia
6.1%
Uganda
12.5%
Saint Kitts and Nevis
66.3%
Bahrain
6.1%
Spain
3%
São Tomé and Príncipe
19.8%
Micronesia
64.2%
Belarus
8.1%
Canada
2.6%
Cape Verde
20%
Central African Republic
64%
Grenada
13.4%
North Macedonia
5.9%
Ethiopia
11.2%
Grenada
61.7%
Zimbabwe
9.2%
Jamaica
3.3%
Saint Kitts and Nevis
20.4%
Maldives
60%
Turkmenistan
12.9%
Burundi
16.2%
Morocco
5.5%
Egypt
59.6%
Angola
5.5%
Bosnia Herzegovina
16.9%
Antigua and Barbuda
12.8%
Zambia
58.3%
South Africa
6.2%
eSwatini
12.6%
Comoros
17.4%
Namibia
57%
Philippines
15.6%
Kiribati
9.4%
Guyana
12.5%
Mozambique
55.8%
Argentina
16.1%
Dominica
11.6%
New Zealand
11.2%
Costa Rica
39.9%
Laos
20.4%
Lesotho
8.8%
Suriname
25.7%

You're not logged in!

Compare scores with friends on all Sporcle quizzes.
OR
Log In

Sporcle TV

Today on Sporcle TV


Watch our educational content, quiz creation guides, and fun videos on Sporcle TV.

Show Comments

Extras

Top Quizzes Today


Score Distribution

Your Account Isn't Verified!

In order to create a playlist on Sporcle, you need to verify the email address you used during registration. Go to your Sporcle Settings to finish the process.

Report this User

Report this user for behavior that violates our Community Guidelines.

Details: